| 000 | 00509cam a2200193ua 4500 | ||
|---|---|---|---|
| 001 | 3810 | ||
| 008 | 111222n ii |||gr||||Z||||||asm | ||
| 040 | _cMAIN | ||
| 082 | _a894.812 | ||
| 100 | _aNair, P. K. parameswaran, | ||
| 245 | 1 | 1 |
_aMalayalam sahityar buranji _cby P. K. Parameswaran Nair |
| 250 | _a1st. | ||
| 260 |
_aNew Delhi: _bSahitya Akademi,988. |
||
| 300 |
_a352p: _c23cm. |
||
| 653 | _aAssamese | ||
| 653 | _aMalayalam sahityar buranji | ||
| 700 |
_aSarma, Bani Kanta, _eEditor. |
||
| 942 | _cBK | ||
| 999 |
_c3634 _d3634 |
||